Sinking - Clairo (Lyrics) - Statistics

General Stats
  • This quiz has been taken 2 times
  • The average score is 128 of 135
Answer Stats
Answer % Correct
all
100%
and
100%
asked
100%
be
100%
be?
100%
breathe
100%
can't
100%
do
100%
does
100%
doing?
100%
done
100%
don't
100%
feel
100%
floor
100%
for
100%
haven't
100%
help
100%
i
100%
i'll
100%
i'm
100%
in
100%
is
100%
it
100%
like
100%
make
100%
me
100%
me?
100%
more
100%
my
100%
name
100%
night
100%
of
100%
oh
100%
older
100%
or
100%
say
100%
see
100%
sinking
100%
so
100%
something
100%
sometimes
100%
still
100%
tenderly
100%
than
100%
the
100%
things
100%
think
100%
to
100%
wait
100%
weak?
100%
when
100%
why
100%
you
100%
away
50%
but
50%
cold?
50%
colder
50%
every
50%
falls
50%
getting
50%
it's
50%
outside
50%
tried
50%
alone
0%
now
0%
No matching quizzes found
Score Distribution
Percent of People with Each Score
Percentile by Number Answered
Your Score History
You have not taken this quiz